000 02932cam a22004695a 4500
005 20070904151509.0
008 060331s2006 nyua c 000 1 eng d
010 _aB-345965-969
020 _a141691174X
_c129.00
020 _a9781416911746
_c129.00
035 _aB-345965-969
035 _aB-357704
037 _bTarun
040 _adpl
_bEnglish
082 _aS
100 _aDixon, Franklin W
245 _aHurricane Joe /
_cby Franklin W. Dixon
260 _aNew York
_bAladdin Paperbacks
_c2006
270 _a1230 Avenue of the Americas
_bNew York
_eNY 10020
300 _a169p.
_bill.
_c20cm. (pbk)
440 _aHardy boys undercover brothers ;11
520 _aThe mission is to investigate a string of false hurricane warnings--and subsequent burglaries--that are terrorizing the citizens of Bayport. Anyone who trusts storm warnings from seemingly reliable sources at the peak of Bayport's hurricane season - in ot
520 _aFrank and Joe investigate a string of false hurricane warnings.
650 _aHardy Boys (Fictitious characters)
_vJuvenile fiction.
650 _aHurricanes
_vJuvenile fiction.
650 _aHardy Boys (Fictitious characters)
_vFiction.
650 _aHurricanes
_vFiction.
650 _aMystery and detective stories.
655 _aMystery fiction.
_2gsafd
800 _aDixon, Franklin W.
_tHardy boys undercover brothers ;11
856 _3Publisher description
_uhttp://www.loc.gov/catdir/enhancements/fy0662/2006925023-d.html
942 _2ddc
_cCH
_hS
_mDIX
999 _c21555
_d21555